logo

Bir Sreshtho Munshi Abdur Rouf Library
Jhenaidah Cadet College

সাংখ্যিক ও গাণিতিক পদ্ধতি / (Record no. 9500)

MARC details
000 -LEADER
fixed length control field 00667nam a2200217 a 4500
001 - CONTROL NUMBER
JCCL Control Number 9500
003 - CONTROL NUMBER IDENTIFIER
JCCL marc code BD-JhCC
005 - DATE AND TIME OF LATEST TRANSACTION
control field 20220807134021.0
008 - FIXED-LENGTH DATA ELEMENTS--GENERAL INFORMATION
fixed length control field 180315s1993 bg |||| ||a| 000 0 ben d
035 ## - SYSTEM CONTROL NUMBER
system control number (BD-JhCC)9500
040 ## - CATALOGING SOURCE
Original cataloging agency BD-JhCC
Modifying agency BD-JhCC
041 ## - LANGUAGE CODE
Language code of Book ben
082 ## - DEWEY DECIMAL CLASSIFICATION NUMBER
Classification number 511.7
Author mark and Year HUD 1993
100 ## - MAIN ENTRY--PERSONAL NAME
Personal name হুদা, মো: নূরুল
245 ## - TITLE STATEMENT
Title সাংখ্যিক ও গাণিতিক পদ্ধতি /
Statement of responsibility, etc মো: নূরুল হুদা,
260 ## - PUBLICATION, DISTRIBUTION, ETC. (IMPRINT)
Place of publication, distribution, etc ঢাকা :
Name of publisher, distributor, etc বাংলা একাডেমী,
Date of publication, distribution, etc 1993
300 ## - PHYSICAL DESCRIPTION
Pagination 766 p. :
Dimensions 25 cm.
650 ## - SUBJECT ADDED ENTRY--TOPICAL TERM
Topical term or geographic name as entry element Mathematical Methods
942 ## - ADDED ENTRY ELEMENTS (KOHA)
Source of classification or shelving scheme Dewey Decimal Classification
Koha item type Books
Koha issues (borrowed), all copies 1
Holdings
Source of classification or shelving scheme Damaged status Not for loan Home library Current library Shelving location Cost, normal purchase price Total Checkouts Full call number Barcode Date last seen Date checked out Copy number Koha item type
Dewey Decimal Classification     JCC Rouf Library JCC Rouf Library General Stacks 180.00 1 511.7 HUD 1993 11837 08/21/2022 08/07/2022 C - 1 Books

JCC Library | Contacts | JCC Home

Last Update on 23 September 2017
Copyright @ 2017-2020 JCC Rouf Library
Rouf Library, Jhenidah Cadet College (JCC), Bangladesh